000 00465nam a2200181Ia 4500
008 090124s9999 xx 000 0 und d
082 _b131556
100 _aमैथिली
245 _a त्याची जादू
250 _a1
260 _c2003
300 _a215
600 _aमैथिली
630 _a त्याची जादू
700 _aमैथिली
730 _a त्याची जादू
942 _cBOOK
999 _c177645
_d177645